Human Development (Record no. 1995)

MARC details
000 -LEADER
fixed length control field 00877nam a2200277 a 4500
001 - CONTROL NUMBER
control field 4019742
003 - CONTROL NUMBER IDENTIFIER
control field OSt
005 - DATE AND TIME OF LATEST TRANSACTION
control field 20240415122936.0
008 - FIXED-LENGTH DATA ELEMENTS--GENERAL INFORMATION
fixed length control field 971020s1998 maua b 001 0 eng
010 ## - LIBRARY OF CONGRESS CONTROL NUMBER
LC control number 97073170
020 ## - INTERNATIONAL STANDARD BOOK NUMBER
International Standard Book Number 0070487723
040 ## - CATALOGING SOURCE
Original cataloging agency DLC
Transcribing agency DLC
050 00 - LIBRARY OF CONGRESS CALL NUMBER
Classification number BF713
Item number .P35 1998
082 00 - DEWEY DECIMAL CLASSIFICATION NUMBER
Classification number QS604 P542h 1998
Edition number 21
100 1# - MAIN ENTRY--PERSONAL NAME
Personal name Papalia, Diane E.; Olds, Sally Wendkos; Duskin, Feldman Ruth
9 (RLIN) 5210
245 10 - TITLE STATEMENT
Title Human Development
250 ## - EDITION STATEMENT
Edition statement 7th ed.
260 ## - PUBLICATION, DISTRIBUTION, ETC. (IMPRINT)
Place of publication, distribution, etc. Boston, Mass. :
Name of publisher, distributor, etc. McGraw-Hill,
Date of publication, distribution, etc. c1998.
300 ## - PHYSICAL DESCRIPTION
Extent xxx, 752 p. :
Other physical details ill. (some col.) ;
Dimensions 29 cm.
504 ## - BIBLIOGRAPHY, ETC. NOTE
Bibliography, etc Includes bibliographical references (p. 657-722) and indexes.
650 #0 - SUBJECT ADDED ENTRY--TOPICAL TERM
Topical term or geographic name as entry element Embyology.
9 (RLIN) 5118
650 #0 - SUBJECT ADDED ENTRY--TOPICAL TERM
Topical term or geographic name as entry element Human development
9 (RLIN) 5211
906 ## - LOCAL DATA ELEMENT F, LDF (RLIN)
a 7
b cbc
c orignew
d 3
e opcn
f 19
g y-gencatlg
942 ## - ADDED ENTRY ELEMENTS (KOHA)
Source of classification or shelving scheme Other/Generic Classification Scheme
Koha item type Short Loan
Holdings
Withdrawn status Lost status Source of classification or shelving scheme Damaged status Not for loan Home library Current library Date acquired Source of acquisition Inventory number Total Checkouts Full call number Barcode Date last seen Koha item type
    Other/Generic Classification Scheme     MUST Main Library MUST Main Library 08/06/2015 Purchase 01/16223   QS604 P542h 1998 2015-1788 08/06/2015 Open Shelf